000 00950nam0a22002411i 4500
001 rc\814357
005 20240726010316.0
035 _a(NLR Aleph) 005997415
090 _a7192330
_c7192330
100 _a20041129d1983 u |0rusy50 ca
101 0 _arus
102 _aRU
105 _ay |||||||||
200 1 _aФормирование элементов математических структур у учащихся восьмилетней школы
_e(На фак. и кружковых занятиях)
_eАвтореф. дис. на соиск. учен. степ. канд. пед. наук
_e(13.00.02)
210 _aКиев
_d1983
215 _a24 с.
300 _aВ надзаг.: НИИ педагогики УССР
320 _aБиблиогр.: с. 23-24 (6 назв.)
700 1 _aШадурдыев
_bГ.
_gГундогды
801 0 _aRU
_bNLR
_gpsbo
801 1 _aRU
_bELAR
_2rusmarc
852 _aNLR
_j84-4/26110
942 _cBOOK